[Event "Stuttgart-chB op"]
[Site "Ditzingen"]
[Date "2015.05.16"]
[Round "5"]
[White "Hartmann, Anatoli"]
[Black "Pelezki, Jurij"]
[Result "1-0"]
[WhiteElo "1630"]
[BlackElo "1822"]
[PlyCount "95"]
[EventDate "2015.05.17"]
[EventType "swiss"]
[EventRounds "7"]
[EventCountry "GER"]
[SourceTitle "EXT 2018"]
[Source "ChessBase"]
[SourceDate "2017.10.13"]
[SourceVersion "1"]
[SourceVersionDate "2017.10.13"]
[SourceQuality "1"]

1. d4 d5 2. Bf4 Bf5 3. e3 Nf6 4. Bd3 Bxd3 5. Qxd3 c6 6. Nf3 Nbd7 7. Nbd2 g6 8. h3 Rc8 9. Ne5 Bg7 10. Nxd7 Qxd7 11. Be5 0-0 12. 0-0 Qe6 13. b4 b6 14. Nf3 Ne4 15. Bxg7 Kxg7 16. a3 g5 17. Nh2 f5 18. f3 Ng3 19. Rf2 Rf7 20. Rc1 Qd6 21. c4 e6 22. cxd5 Qxd5 23. Qd2 h6 24. Nf1 Nh5 25. Qc3 Nf6 26. Nh2 h5 27. Qd2 Kg6 28. Qd3 Kg7 29. Rcf1 Rcf8 30. Rc1 g4 31. fxg4 hxg4 32. hxg4 fxg4 33. e4 Nxe4 34. Rxf7+ Rxf7 35. Nxg4 Qf5 36. Re1 Qxg4 37. Rxe4 Qf5 38. g4 Qd5 39. Qe2 Rf6 40. Qe3 Rg6 41. Qf4 Rf6 42. Qe3 Kf7 43. Rf4 Qg5 44. Rxf6+ Kxf6 45. Qf3+ Ke7 46. Kg2 Qd5 47. Qxd5 cxd5 48. Kf3 1-0

[Event "Stuttgart-chB int"]
[Site "Ditzingen"]
[Date "2012.05.18"]
[Round "3"]
[White "Hartmann, Anatoli"]
[Black "Viehoff, Juergen"]
[Result "0-1"]
[WhiteElo "1701"]
[BlackElo "1848"]
[PlyCount "99"]
[EventDate "2012.05.17"]
[EventType "swiss"]
[EventRounds "7"]
[EventCountry "GER"]
[SourceTitle "EXT 2018"]
[Source "ChessBase"]
[SourceDate "2017.10.13"]
[SourceVersion "1"]
[SourceVersionDate "2017.10.13"]
[SourceQuality "1"]

1. d4 Nf6 2. Bf4 e6 3. e3 c5 4. c3 b6 5. Be2 Bb7 6. Bf3 d5 7. Ne2 Bd6 8. Bxd6 Qxd6 9. Nd2 0-0 10. 0-0 Nbd7 11. g3 Rac8 12. dxc5 Nxc5 13. Nb3 Qb8 14. Bg2 Nfe4 15. Nxc5 bxc5 16. Bxe4 dxe4 17. c4 Rfd8 18. Qc2 Rd7 19. Rfd1 Rcd8 20. Rxd7 Rxd7 21. Rd1 Qd8 22. Nc3 f5 23. Rxd7 Qxd7 24. Qd1 Qxd1+ 25. Nxd1 Kf7 26. Nc3 Ke7 27. h4 Bc6 28. b3 a6 29. Kf1 h6 30. Ke2 Be8 31. Kd2 g5 32. hxg5 hxg5 33. a3 Kd6 34. b4 cxb4 35. axb4 e5 36. g4 Bg6 37. gxf5 Bxf5 38. Na4 Bd7 39. Nc5 Bc8 40. Nxe4+ Kc6 41. Nxg5 a5 42. bxa5 Kc5 43. Kc3 Bf5 44. Nf3 Kd6 45. Kb4 Be4 46. Nd2 Bc6 47. e4 Be8 48. c5+ Ke6 49. Nc4 Bg6 50. Nd6 0-1

[Event "Stuttgart-chB int"]
[Site "Ditzingen"]
[Date "2012.05.18"]
[Round "4"]
[White "Hartmann, Anatoli"]
[Black "Winkler, Tim"]
[Result "0-1"]
[WhiteElo "1701"]
[BlackElo "1830"]
[PlyCount "94"]
[EventDate "2012.05.17"]
[EventType "swiss"]
[EventRounds "7"]
[EventCountry "GER"]
[SourceTitle "EXT 2018"]
[Source "ChessBase"]
[SourceDate "2017.10.13"]
[SourceVersion "1"]
[SourceVersionDate "2017.10.13"]
[SourceQuality "1"]

1. d4 Nf6 2. Bf4 g6 3. e3 Bg7 4. h3 c5 5. c3 cxd4 6. cxd4 d6 7. Nf3 Qb6 8. Qe2 Nc6 9. Qb5 Qxb5 10. Bxb5 Bd7 11. 0-0 Nb4 12. Bxd7+ Kxd7 13. Nbd2 Rac8 14. Ne1 Nc2 15. Rb1 Nxe1 16. Rfxe1 Nd5 17. Bg3 Nb4 18. a3 Nd3 19. Red1 Rc2 20. b3 Nb2 21. Rbc1 Rhc8 22. Nc4 R2xc4 23. bxc4 Nxd1 24. Rxd1 Rxc4 25. Rd3 Ra4 26. f4 d5 27. Rc3 Rxd4 28. Rb3 Rd1+ 29. Kf2 b6 30. Ke2 Rg1 31. Bf2 Ra1 32. Rd3 Kc6 33. Be1 Ra2+ 34. Kf3 e6 35. Bb4 a5 36. Bd2 Bb2 37. Rb3 Bxa3 38. Bc3 Bc5 39. Rb1 Rc2 40. Bf6 a4 41. g4 a3 42. f5 b5 43. fxg6 fxg6 44. Ra1 b4 45. h4 b3 46. h5 b2 47. Rb1 Rc1 0-1

[Event "Stuttgart-chB int"]
[Site "Ditzingen"]
[Date "2009.05.21"]
[Round "3"]
[White "Groetzinger, Werner"]
[Black "Hartmann, Anatoli"]
[Result "0-1"]
[WhiteElo "1379"]
[BlackElo "1642"]
[PlyCount "83"]
[EventDate "2009.05.21"]
[EventType "swiss"]
[EventRounds "7"]
[EventCountry "GER"]
[SourceTitle "EXT 2018"]
[Source "ChessBase"]
[SourceDate "2017.10.13"]
[SourceVersion "1"]
[SourceVersionDate "2017.10.13"]
[SourceQuality "1"]

1. c4 e6 2. Nf3 c6 3. e3 Nf6 4. Be2 d5 5. cxd5 cxd5 6. Qc2 Nc6 7. a3 Bd7 8. b4 Rc8 9. Nc3 a6 10. 0-0 Be7 11. Bb2 0-0 12. Rac1 Na7 13. Qb1 Nb5 14. Nxb5 axb5 15. Nd4 Qb6 16. Qd3 Ne4 17. f3 Nd6 18. Nb3 Nc4 19. Qb1 f5 20. Bxc4 dxc4 21. Bd4 Qc6 22. Na5 Qd5 23. d3 cxd3 24. Qxd3 e5 25. e4 Qxd4+ 26. Qxd4 exd4 27. Rcd1 Bf6 28. Nxb7 fxe4 29. Nc5 Bf5 30. fxe4 Bg6 31. Rd3 Bg5 32. Rxf8+ Rxf8 33. Ne6 Be3+ 34. Rxe3 dxe3 35. Nxf8 Kxf8 36. Kf1 Bxe4 37. Ke1 Kf7 38. g3 Bd3 39. g4 Ke6 40. h4 Ke5 41. Kd1 Kf4 42. g5 0-1